| 000 | 00988nam a2200241 i 4500 | ||
|---|---|---|---|
| 001 | 43563 | ||
| 003 | ES-MaACL | ||
| 005 | 20250710115704.0 | ||
| 007 | t| | ||
| 008 | 030318s1905 sp ||||1| spa d | ||
| 080 | _a821.134.2-31"15" | ||
| 100 | 1 |
_aCervantes Saavedra, Miguel de, _d1547-1616 _9226514 |
|
| 240 | 1 | 0 | _aDon Quijote de la Mancha |
| 245 | 1 | 3 |
_aEl ingenioso hidalgo don Quijote de la Mancha / _ccompuesto por Miguel de Cervantes Saavedra ; nueva edición con nuevo análisis y con la vida del autor publicada por Juan Antonio Pellicer en 1797. |
| 260 |
_aMadrid : _b[s.n.], _c1905 ( _fImp. de los Hijos de M.G. Hernández) |
||
| 300 |
_aCXXVII, 896 p. ; _c28 cm. |
||
| 530 | _aDisponible en formato digital. | ||
| 700 | 1 |
_aPellicer, Juan Antonio. _990083 |
|
| 852 |
_aES-MaACL _jB-11118 _cSPB _zRevisado enlace: 10 de julio de 2025 |
||
| 856 | 4 |
_uhttp://bdh-rd.bne.es/viewer.vm?id=0000192924&page=1 _yBiblioteca Digital Hispánica |
|
| 942 | _2udc | ||
| 999 |
_c43563 _d43563 |
||